000
00261nam a22000857a 4500
008
160804b xxu||||| |||| 00| 0 eng d
100
_9
31
_a
Three Ess Publication
245
_a
A Comprehensive dictionary of quotations
260
_a
New Delhi
_b
Threee Ess Publication
_c
2012
999
_c
2682
_d
2682